|
|
|
|
| LEADER |
00737cam a2200217 7i4500 |
| 001 |
0000038246 |
| 005 |
20170218090000.0 |
| 008 |
110329 eng |
| 020 |
|
|
|a 3540929533 (hbk.)
|
| 020 |
|
|
|a 9783540929536 (hbk.)
|
| 090 |
0 |
0 |
|a TK5102.9
|b .S69 2009
|
| 245 |
0 |
0 |
|a Signals and systems with MATLAB
|c Won Yo. Yang ... [et al.].
|
| 260 |
|
|
|a Dordrecht:
|b Springer,
|c 2009.
|
| 300 |
|
|
|a xv, 474 p.:
|b ill.;
|c 24 cm.
|
| 504 |
|
|
|a Includes bibliographical references and index
|
| 650 |
0 |
0 |
|a System analysis
|
| 650 |
0 |
0 |
|a Fourier analysis
|
| 650 |
0 |
0 |
|a Signal processing
|
| 700 |
3 |
|
|a Won, Y. Yang
|
| 997 |
|
|
|a Engineering, Faculty
|b Engineering, Department
|
| 999 |
|
|
|a 0000048755
|b BOK
|c OPEN SHELF
|e 1st Floor, Bestari Jaya
|